Au coeur du Rouge : (Record no. 80065)
[ view plain ]
| 000 -LEADER | |
|---|---|
| fixed length control field | 01208cam3a220027700 4500 |
| 001 - CONTROL NUMBER | |
| control field | qcf00188478 |
| 005 - DATE AND TIME OF LATEST TRANSACTION | |
| control field | 20190816085058.0 |
| 008 - FIXED-LENGTH DATA ELEMENTS--GENERAL INFORMATION | |
| fixed length control field | 750611s1961 sz af b 001 0 fre d |
| 035 ## - SYSTEM CONTROL NUMBER | |
| System control number | (Sirsi) r123774 |
| 035 ## - SYSTEM CONTROL NUMBER | |
| System control number | (QCAT)lss00861647 |
| 035 ## - SYSTEM CONTROL NUMBER | |
| System control number | (UPRA)qcf00188478 |
| 040 ## - CATALOGING SOURCE | |
| Modifying agency | UPRA |
| 100 1# - MAIN ENTRY--PERSONAL NAME | |
| Personal name | Liprandi, Claude, 1910- |
| Dates associated with a name | Liprandi, Claude, 1910- |
| Linkage | A91885.1 |
| 245 10 - TITLE STATEMENT | |
| Title | Au coeur du Rouge : |
| Remainder of title | l'affaire Lafargue et Le rouge et le noir / |
| Statement of responsibility, etc. | Claude Liprandi. |
| 260 ## - PUBLICATION, DISTRIBUTION, ETC. | |
| Place of publication, distribution, etc. | Lausanne : |
| Name of publisher, distributor, etc. | Editions du Grand-Ch^ene, |
| Date of publication, distribution, etc. | 1961. |
| 440 #0 - SERIES STATEMENT/ADDED ENTRY--TITLE | |
| Title | Collection stendhalienne ; |
| Volume/sequential designation | 4 |
| Linkage | S13768.1 |
| 500 ## - GENERAL NOTE | |
| General note | Limited to 1000 copies. No. 000429. |
| 500 ## - GENERAL NOTE | |
| General note | Includes index. |
| 504 ## - BIBLIOGRAPHY, ETC. NOTE | |
| Bibliography, etc. note | Bibliography: p. [343]-351. |
| 600 10 - SUBJECT ADDED ENTRY--PERSONAL NAME | |
| Personal name | Stendhal, 1783-1842. Rouge et le noir -- Sources. |
| Dates associated with a name | Stendhal, 1783-1842. Rouge et le noir -- Sources. |
| Title of a work | Stendhal, 1783-1842. Rouge et le noir -- Sources. |
| General subdivision | Stendhal, 1783-1842. Rouge et le noir -- Sources. |
| Linkage | S65738.1 |
| 600 10 - SUBJECT ADDED ENTRY--PERSONAL NAME | |
| Personal name | Lafargue, Adrien. |
| Linkage | S65739.1 |
| 600 10 - SUBJECT ADDED ENTRY--PERSONAL NAME | |
| Personal name | Berthet, Antoine Marie, 1803-1828. |
| Dates associated with a name | Berthet, Antoine Marie, 1803-1828. |
| Linkage | S65740.1 |
| 740 2# - ADDED ENTRY--UNCONTROLLED RELATED/ANALYTICAL TITLE | |
| Uncontrolled related/analytical title | L'affaire Lafargue et Le rouge et le noir. |
| 949 ## - LOCAL PROCESSING INFORMATION (OCLC) | |
| a | PQ2435 |
| w | lcc |
| i | -177947 |
| m | MAIN |
| t | BOOK |
| l | ON-SHELF |
No items available.